000 00571nam a2200169 i 4500
001 22622
003 ES-MaACL
005 20230906152728.0
007 t|
008 021203s1973 sp ||||1| spa d
100 1 _aAlonso Navarro, Serafín.
_920370
245 1 4 _aLas estaciones
_b: recorrido gastronómico por la Huerta de Murcia /
_cSerafín Alonso Navarro.
260 _aMurcia :
_bCaja de Ahorros Municipal,
_c1973.
300 _a61 p. :
_bil., 1 map. pleg. ;
_c17 cm.
710 2 _aCaja de Ahorros Municipal de Murcia.
_92298
852 _aES-MaACL
_jC-53739
_bR.86591
999 _c22622
_d22622